|
|
|
|
| LEADER |
00688nam a2200181 a 4500 |
| 008 |
090614s1999 ii a 001 0 eng d |
| 020 |
|
|
|a 8176480800 (pbk)
|
| 082 |
0 |
0 |
|a 658.404
|2 22
|
| 100 |
1 |
|
|a Narayan, B.
|
| 245 |
0 |
0 |
|a Project planning/
|c B.Narayan
|
| 260 |
|
|
|a New Delhi :
|b A.P.H.Publication Corporation,
|c 1999.
|
| 300 |
|
|
|a vi,299 p. :
|b ill. ;
|c 24cm.
|
| 504 |
|
|
|a Includes index
|
| 541 |
1 |
|
|e 00011838
|
| 650 |
1 |
|
|a Projects Management
|
| 852 |
4 |
|
|a Ayesha Abed Library
|j General shelf
|
| 999 |
|
|
|c 10396
|d 10396
|
| 952 |
|
|
|0 0
|1 0
|2 ddc
|4 0
|6 658_404000000000000_NAR
|7 0
|9 14190
|a BRACUL
|b BRACUL
|c GEN
|d 2011-01-25
|g 713.00
|l 1
|m 14
|o 658.404 NAR
|p 3010011838
|r 2023-05-30
|s 2023-02-23
|t 1
|w 2011-01-25
|y BK
|x RS-600.00
|